|
|
|
|
| LEADER |
03331nam a2200529 4500 |
| 001 |
978-981-10-7149-2 |
| 003 |
DE-He213 |
| 005 |
20191028131633.0 |
| 007 |
cr nn 008mamaa |
| 008 |
180220s2018 si | s |||| 0|eng d |
| 020 |
|
|
|a 9789811071492
|9 978-981-10-7149-2
|
| 024 |
7 |
|
|a 10.1007/978-981-10-7149-2
|2 doi
|
| 040 |
|
|
|d GrThAP
|
| 050 |
|
4 |
|a TA349-359
|
| 072 |
|
7 |
|a TGMD
|2 bicssc
|
| 072 |
|
7 |
|a TEC009070
|2 bisacsh
|
| 072 |
|
7 |
|a TGMD
|2 thema
|
| 082 |
0 |
4 |
|a 620.1
|2 23
|
| 245 |
1 |
0 |
|a Proceedings of the International Conference on Advances in Computational Mechanics 2017
|h [electronic resource] :
|b ACOME 2017, 2 to 4 August 2017, Phu Quoc Island, Vietnam /
|c edited by Hung Nguyen-Xuan, Phuc Phung-Van, Timon Rabczuk.
|
| 250 |
|
|
|a 1st ed. 2018.
|
| 264 |
|
1 |
|a Singapore :
|b Springer Singapore :
|b Imprint: Springer,
|c 2018.
|
| 300 |
|
|
|a XVI, 1170 p. 677 illus., 300 illus. in color.
|b online resource.
|
| 336 |
|
|
|a text
|b txt
|2 rdacontent
|
| 337 |
|
|
|a computer
|b c
|2 rdamedia
|
| 338 |
|
|
|a online resource
|b cr
|2 rdacarrier
|
| 347 |
|
|
|a text file
|b PDF
|2 rda
|
| 490 |
1 |
|
|a Lecture Notes in Mechanical Engineering,
|x 2195-4356
|
| 520 |
|
|
|a This book provides an overview of state-of-the-art methods in computational engineering for modeling and simulation. This proceedings volume includes a selection of refereed papers presented at the International Conference on Advances in Computational Mechanics (ACOME) 2017, which took place on Phu Quoc Island, Vietnam on August 2-4, 2017. The contributions highlight recent advances in and innovative applications of computational mechanics. Subjects covered include: biological systems; damage, fracture and failure; flow problems; multiscale multiphysics problems; composites and hybrid structures; optimization and inverse problems; lightweight structures; computational mechatronics; computational dynamics; numerical methods; and high-performance computing. The book is intended for academics, including graduate students and experienced researchers interested in state-of-the-art computational methods for solving challenging problems in engineering.
|
| 650 |
|
0 |
|a Mechanics.
|
| 650 |
|
0 |
|a Mechanics, Applied.
|
| 650 |
|
0 |
|a Mathematical physics.
|
| 650 |
|
0 |
|a Computer mathematics.
|
| 650 |
1 |
4 |
|a Theoretical and Applied Mechanics.
|0 http://scigraph.springernature.com/things/product-market-codes/T15001
|
| 650 |
2 |
4 |
|a Theoretical, Mathematical and Computational Physics.
|0 http://scigraph.springernature.com/things/product-market-codes/P19005
|
| 650 |
2 |
4 |
|a Computational Science and Engineering.
|0 http://scigraph.springernature.com/things/product-market-codes/M14026
|
| 700 |
1 |
|
|a Nguyen-Xuan, Hung.
|e editor.
|4 edt
|4 http://id.loc.gov/vocabulary/relators/edt
|
| 700 |
1 |
|
|a Phung-Van, Phuc.
|e editor.
|4 edt
|4 http://id.loc.gov/vocabulary/relators/edt
|
| 700 |
1 |
|
|a Rabczuk, Timon.
|e editor.
|4 edt
|4 http://id.loc.gov/vocabulary/relators/edt
|
| 710 |
2 |
|
|a SpringerLink (Online service)
|
| 773 |
0 |
|
|t Springer eBooks
|
| 776 |
0 |
8 |
|i Printed edition:
|z 9789811071485
|
| 776 |
0 |
8 |
|i Printed edition:
|z 9789811071508
|
| 776 |
0 |
8 |
|i Printed edition:
|z 9789811355943
|
| 830 |
|
0 |
|a Lecture Notes in Mechanical Engineering,
|x 2195-4356
|
| 856 |
4 |
0 |
|u https://doi.org/10.1007/978-981-10-7149-2
|z Full Text via HEAL-Link
|
| 912 |
|
|
|a ZDB-2-ENG
|
| 950 |
|
|
|a Engineering (Springer-11647)
|